Picture It: Portraits of Inventors and Scientists - Statistics

General Stats
  • This quiz has been taken 117 times
  • The average score is 7 of 12
Answer Stats
SCIENCE! % Correct
Albert Einstein
100%
Marie Curie
95%
Charles Darwin
88%
Nikola Tesla
83%
Thomas Alva Edison
69%
Louis Pasteur
49%
Rene Descartes
47%
Alexander Graham Bell
43%
Henry Ford
36%
George Washington Carver
22%
Samuel Morse
19%
Eli Whitney
6%
No matching quizzes found
Score Distribution
Percent of People with Each Score
Percentile by Number Answered
Your Score History
You have not taken this quiz